Statistics for NBA GOLDEN STATE WARRIORS Roster 2016-17

Click here to take the quiz!

General Stats

  • This quiz has been taken 2,284 times
  • The average score is 10 of 15

Answer Stats

numberPositionAnswer% Correct
30PGStephen Curry
99%
23PFDraymond Green
97%
35SFKevin Durant
96%
11SGKlay Thompson
96%
9SFAndre Iguodala
84%
34PGShaun Livingston
78%
27CZaza Pachulia
76%
1CJaVale McGee
72%
5SFKevon Looney
54%
21SGIan Clark
51%
3PFDavid West
51%
0PGPatrick McCaw
49%
15CDamian Jones
35%
20SFJames Michael McAdoo
33%
18CAnderson Varejao
27%

Score Distribution

Percentile by Number Answered

Percent of People with Each Score

Your Score History

You have not taken this quiz